• 首页
  • 本馆介绍
  • 公告通知
  • 最新文献
  • 馆藏检索
  • 电子资源
  • 读者导购
  • 参考咨询
  • 我的图书馆
  • 登录
  • 详细信息显示
  • 放入我的书架
  • 预约/预借图书
  • 作者相关作品
  • 分类相关作品
  • 丛书相关作品
  • 出版社相关作品

书目信息

  • 表格格式
  • 工作单格式
  • 卡片格式
题名:
建设工程合同管理历年真题+考点解读+专家指导
    
 
作者: ;全国监理工程师职业资格考试辅导用书编写委员会 组织编写
分册:  
出版信息: 北京   中国建筑工业出版社  2020.7
页数: 166页
开本: 26cm
丛书名:
单 册:
中图分类: TU723.1
科图分类:
主题词: 建筑工程--经济合同--管理--资格考试--自学参考资料
电子资源:
ISBN: 978-7-112-25068-4
000 01220nam0 2200241 45
001 012001000393
005 20140911140039.0
010    @a978-7-112-25068-4@dCNY35.00
100    @a20200821d2020 em y0chiy50 ea
101 0  @achi
102    @aCN@b110000
105    @ay zq 000yy
106    @ar
200 1  @a建设工程合同管理历年真题+考点解读+专家指导@Ajian she gong cheng he tong guan li li nian zhen ti + kao dian jie du + zhuan jia zhi dao@b专著@f全国监理工程师职业资格考试辅导用书编写委员会组织编写
210    @a北京@c中国建筑工业出版社@d2020.7
215    @a166页@d26cm
300    @a全国监理工程师职业资格考试辅导用书
330    @a本书共九章,主要内容包括:建设工程合同管理法律制度、建设工程勘察设计招标、建设工程施工招标及工程总承包招标、建设工程材料设备采购招标、建设工程勘察设计合同管理、建设工程施工合同管理、建设工程总承包合同管理、建设工程材料设备采购合同管理、国际工程常用合同文本。
606 0  @a建筑工程@x经济合同@x管理@x资格考试@j自学参考资料
690    @aTU723.1@v5
711 02 @a全国监理工程师职业资格考试辅导用书编写委员会@Aquan guo jian li gong cheng shi zhi ye zi ge kao shi fu dao yong shu bian xie wei yuan hui@4组织编写
801  0 @aCN@bBJSDL@c20211011
905    @b1331384-7@dTU723.1@e1843@f4
    
    建设工程合同管理历年真题+考点解读+专家指导/全国监理工程师职业资格考试辅导用书编写委员会组织编写.-北京:中国建筑工业出版社,2020.7
    166页;26cm
    全国监理工程师职业资格考试辅导用书
    
    ISBN 978-7-112-25068-4:CNY35.00
    本书共九章,主要内容包括:建设工程合同管理法律制度、建设工程勘察设计招标、建设工程施工招标及工程总承包招标、建设工程材料设备采购招标、建设工程勘察设计合同管理、建设工程施工合同管理、建设工程总承包合同管理、建设工程材料设备采购合同管理、国际工程常用合同文本。
●
相关链接 在E读中查询图书 在五车中查询图书 在当当中查询图书 在豆瓣中查询图书


正题名:建设工程合同管理历年真题+考点解读+专家指导     索取号:TU723.1/1843         预约/预借

序号 登录号 条形码 馆藏地/架位号 状态 备注
1 1331384   213313840   第二样本阅览室/ [索取号:TU723.1/1843] 在馆    
2 1331385   213313859   第三借阅区/ [索取号:TU723.1/1843] 在馆    
3 1331386   213313868   第三借阅区/ [索取号:TU723.1/1843] 在馆    
4 1331387   213313877   第三借阅区/ [索取号:TU723.1/1843] 在馆    
唐山师范学院图书馆 欢迎您!
大连网信软件有限公司© 版权所有